000 01454cam a22003977a 4500
003 CHAP
005 20220817043654.0
008 000523d1999 mx r 00110 spa d
010 _a81232
011 _a82204
035 _a92692
040 _cCHAP
090 _aTesis
100 0 0 _aNavarro López, Adán.
_980574
245 1 0 _aEvaluación de cuatro antihelmínticos contra vermes gastroentericos de ovinos semiestabulados en San Salvador, Hidalgo
_c/por Adán Navarro López y Carlos Ortíz Pérez
260 _aChapingo, Méx. :
_bEl autor,
_c1999.
300 _a57 h. ;
_bgráfs.
502 _aTesis (Ing. Agr. Esp. en Zootecnia) -- UACH. Departamento de Zootecnia
590 _aALEPH
_b10
_c20130110
_lUCH01
_h1435
590 _aBATCH-UPD
_b10
_c20130110
_lUCH01
_h0316
590 _aBATCH-UPD
_b10
_c20130110
_lUCH01
_h1659
590 _aBATCH-UPD
_b10
_c20130409
_lUCH01
_h2349
590 _aBATCH-UPD
_b10
_c20130914
_lUCH01
_h0353
590 _aCONVERSION
_b10
_c20130109
_lUCH01
_h1345
650 1 4 _aAntihelmínticos.
_96059
650 1 4 _aGanado lanar
_xHidalgo.
650 1 4 _aGanado lanar
_xParásitos.
_945208
650 1 4 _aGanado lanar
_xPeso.
_945211
650 1 4 _aNemátodos parásitos de ovinos.
_980834
700 0 _aOrtíz Pérez, Carlos.
_984127
901 _aBK
905 _aAlejandra Carrasco M.
942 _cFOLL
949 _bBC
_cTES
_d33724000781233
_eTS2
_fc.2
_h36338
_i92692
_si
949 _bBC
_cTES
_d926921
_eTS1
_h36337
_i92692
_sb
999 _c81232
_d81232